Vibrations and waves / (Record no. 30358)

000 -LEADER
fixed length control field 01900 a2200205 4500
020 ## - INTERNATIONAL STANDARD BOOK NUMBER
International Standard Book Number 393099245
020 ## - INTERNATIONAL STANDARD BOOK NUMBER
International Standard Book Number 393099245
082 ## - DEWEY DECIMAL CLASSIFICATION NUMBER
Classification number 530.14
090 ## - LOCALLY ASSIGNED LC-TYPE CALL NUMBER (OCLC); LOCAL CALL NUMBER (RLIN)
-- 1751
-- 1751
100 1# - MAIN ENTRY--PERSONAL NAME
Personal name French, A.P.
245 10 - TITLE STATEMENT
Title Vibrations and waves /
Statement of responsibility, etc. A.P. French.
260 ## - PUBLICATION, DISTRIBUTION, ETC.
Place of publication, distribution, etc. New York
Name of publisher, distributor, etc. W. W. Norton & Company
Date of publication, distribution, etc. 1971
300 ## - PHYSICAL DESCRIPTION
Extent 327 p. ;
Dimensions 24 cm.
520 ## - SUMMARY, ETC.
Summary, etc. The M.I.T. Introductory Physics Series is the result of a program of careful study, planning, and development that began in 1960. The Education Research Center at the Massachusetts Institute of Technology (formerly the Science Teaching Center) was established to study the process of instruction, aids thereto, and the learning process itself, with special reference to science teaching at the university level. Generous support from a number of foundations provided the means for assembling and maintaining an experienced staff to co-operate with members of the Institute's Physics Department in the examination, improvement, and development of physics curriculum materials for students planning careers in the sciences. After careful analysis of objectives and the problems involved, preliminary versions of textbooks were prepared, tested through classroom use at M.I.T. and other institutions, re-evaluated, rewritten, and tried again. Only then were the final manuscripts undertaken.
942 ## - ADDED ENTRY ELEMENTS (KOHA)
Institution code [OBSOLETE] SNS
Koha item type Book
Call number prefix 530.14 FRE
Holdings
Withdrawn status Lost status Damaged status Not for loan Permanent Location Current Location Date acquired Total Checkouts Full call number Barcode Date last seen Date last checked out Price effective from Koha item type Total Renewals Source of classification or shelving scheme Shelving location
        School of Natural Sciences (SNS) School of Natural Sciences (SNS) 05/26/2016 7 530.14 FRE SNS0002152 01/01/2026 10/17/2025 05/26/2016 Book      
        School of Natural Sciences (SNS) School of Natural Sciences (SNS) 05/26/2016 8 530.14 FRE SNS0002153 01/20/2026 09/19/2025 05/26/2016 Book 11    
        School of Natural Sciences (SNS) School of Natural Sciences (SNS) 05/26/2016   530.14 FRE SNS0002154 05/26/2016   05/26/2016 Book      
      Not For Loan School of Natural Sciences (SNS) School of Natural Sciences (SNS) 05/26/2016   530.14 FRE SNS0002155 09/23/2025   05/26/2016 Book     Reference
© 2023 Central Library, National University of Sciences and Technology. All Rights Reserved.